<?xml version="1.0" encoding="UTF-8"?>
<record
    xmlns:xsi="http://www.w3.org/2001/XMLSchema-instance"
    xsi:schemaLocation="http://www.loc.gov/MARC21/slim http://www.loc.gov/standards/marcxml/schema/MARC21slim.xsd"
    xmlns="http://www.loc.gov/MARC21/slim">

  <leader>00890nam a2200181Ia 4500</leader>
  <datafield tag="952" ind1=" " ind2=" ">
    <subfield code="0">0</subfield>
    <subfield code="1">0</subfield>
    <subfield code="2">lcc</subfield>
    <subfield code="4">0</subfield>
    <subfield code="7">0</subfield>
    <subfield code="a">13</subfield>
    <subfield code="b">13</subfield>
    <subfield code="d">2012-03-06</subfield>
    <subfield code="l">2</subfield>
    <subfield code="o">RC455 2C3 1983</subfield>
    <subfield code="p">11 009183</subfield>
    <subfield code="r">2023-06-30</subfield>
    <subfield code="s">2016-12-13</subfield>
    <subfield code="t">1</subfield>
    <subfield code="w">2012-06-26</subfield>
    <subfield code="y">LB</subfield>
  </datafield>
  <datafield tag="999" ind1=" " ind2=" ">
    <subfield code="c">72927</subfield>
    <subfield code="d">72927</subfield>
  </datafield>
  <controlfield tag="008">120626s1983    sp            000 0 spa d</controlfield>
  <datafield tag="020" ind1=" " ind2=" ">
    <subfield code="a">84-311-0321-3</subfield>
  </datafield>
  <datafield tag="050" ind1=" " ind2=" ">
    <subfield code="a">RC455.2C4 A5318 </subfield>
  </datafield>
  <datafield tag="110" ind1="2" ind2=" ">
    <subfield code="a">American Psychiatric Association.</subfield>
    <subfield code="9">40724</subfield>
  </datafield>
  <datafield tag="245" ind1=" " ind2=" ">
    <subfield code="a">DSM - III Manual diagn&#xF3;stico y estad&#xED;stico de los trastornos mentales </subfield>
    <subfield code="c">/ American psychiatric Association ; vers. castellano de Manuel Vald&#xE9;s Miyar... y otros.!</subfield>
  </datafield>
  <datafield tag="260" ind1=" " ind2=" ">
    <subfield code="a">Espa&#xF1;a</subfield>
    <subfield code="b">: Masson</subfield>
    <subfield code="c">1983</subfield>
  </datafield>
  <datafield tag="300" ind1=" " ind2=" ">
    <subfield code="a">513 p&#xE1;ginas</subfield>
  </datafield>
  <datafield tag="505" ind1=" " ind2=" ">
    <subfield code="a">Introducci&#xF3;n ---- 1. Clasificaci&#xF3;n DSM - III: Ejes I y II, categor&#xED;as y c&#xF3;digos ---- 2. Uso de este manual ---- 3. categor&#xED;as diagn&#xF3;sticas: texto y criterios ---- Ap&#xE9;ndices A, B, C, D, E, F ---- &#xCD;ndice Alfab&#xE9;tico</subfield>
  </datafield>
  <datafield tag="519" ind1=" " ind2=" ">
    <subfield code="a">Material complementario</subfield>
    <subfield code="d">(11009183)</subfield>
  </datafield>
  <datafield tag="650" ind1=" " ind2=" ">
    <subfield code="a">PSICOPATOLOG&#xCD;A</subfield>
    <subfield code="x">CLASIFICACI&#xD3;N</subfield>
  </datafield>
  <datafield tag="700" ind1=" " ind2=" ">
    <subfield code="a">Valdes Miyar, Manuel, </subfield>
    <subfield code="e">traductor</subfield>
  </datafield>
  <datafield tag="942" ind1=" " ind2=" ">
    <subfield code="c">LB</subfield>
    <subfield code="2">lcc</subfield>
  </datafield>
</record>
